Traité des sociétés civiles et commerciales (Record no. 167042)
[ view plain ]
| 000 -LEADER | |
|---|---|
| campo de control de longitud fija | 00938nam a22002055i 4500 |
| 001 - NÚMERO DE CONTROL | |
| campo de control | 167042 |
| 003 - IDENTIFICADOR DE NÚMERO DE CONTROL | |
| campo de control | ES-MaACL |
| 005 - FECHA Y HORA DE LA ÚLTIMA TRANSACCIÓN | |
| campo de control | 20230906213440.0 |
| 008 - DATOS DE LONGITUD FIJA--INFORMACIÓN GENERAL | |
| campo de control de longitud fija | 050923s1897 fr | |||||||| ||fre d |
| 040 ## - FUENTE DE CATALOGACIÓN | |
| Centro catalogador/agencia de origen | CAM |
| Lengua de catalogación | spa |
| Centro/agencia transcriptor | CAM |
| 100 1# - ENTRADA PRINCIPAL--NOMBRE DE PERSONA | |
| Nombre de persona | Vavasseur, A. |
| 9 (RLIN) | 133576 |
| 245 10 - MENCIÓN DEL TÍTULO | |
| Título | Traité des sociétés civiles et commerciales |
| Resto del título | : (avec formules) : sociétes françaises et étrangères; assurances; association et syndicats professionnels; taxes fiscales / |
| Mención de responsabilidad, etc. | par A. Vavasseur. |
| 250 ## - MENCION DE EDICION | |
| Mención de edición | 5e éd. mise au courant de la jurisprudence et de la doctrine / avec la collaboration de Jacques Vavasseur. |
| 260 ## - PUBLICACIÓN, DISTRIBUCIÓN, ETC. | |
| Lugar de publicación, distribución, etc. | Paris : |
| Nombre del editor, distribuidor, etc. | Marchal et Billard, |
| Fecha de publicación, distribución, etc. | 1897 ( |
| Lugar de fabricación/manufactura | Besançon : |
| Fabricante | Imp. Outhenin-Chalandre fils et c\pie\s) |
| 300 ## - DESCRIPCIÓN FÍSICA | |
| Extensión | 2 v. (XLVIII, 603; 555 p.) ; |
| Dimensiones | 23 cm. |
| 650 #4 - PUNTO DE ACCESO ADICIONAL DE MATERIA--TÉRMINO DE MATERIA | |
| Término de materia o nombre geográfico como elemento de entrada | Sociedades. |
| 9 (RLIN) | 136884 |
| 700 1# - ENTRADA AGREGADA--NOMBRE PERSONAL | |
| Nombre de persona | Vavasseur, Jacques, |
| Término indicativo de función/relación | |
| 9 (RLIN) | 133577 |
| 752 ## - ENTRADA AGREGADA--NOMBRE JERÁRQUICO DEL LUGAR | |
| País o entidad superior | Francia - |
| Ciudad | París |
| 852 ## - LOCALIZACIÓN | |
| Ubicación | ES-MaACL |
| Número de control de estantería | B-5192-5193 |
| Nota libre | -- Enc. pasta española |
| Estatus retirado | Estado de pérdida | Estado de daño | No para préstamo | Colección | Biblioteca de origen | Biblioteca actual | Ubicación en estantería | Fecha de adquisición | Fuente de adquisición | Total de préstamos | Signatura topográfica completa | Código de barras | Visto por última vez | Precio de reemplazo | Tipo de ítem Koha |
|---|---|---|---|---|---|---|---|---|---|---|---|---|---|---|---|
| Libros del s. XIX | Biblioteca del Ateneo de Madrid | Biblioteca del Ateneo de Madrid | Sala Pardo Bazán | 17/01/2008 | B-5192-5193 | 1175223 | 23/02/2023 | 23/02/2023 | Libro impreso antiguo |
